| 000 | 00370nam a22001697a 4500 | ||
|---|---|---|---|
| 005 | 20160521110603.0 | ||
| 008 | 160521b xxu||||| |||| 00| 0 eng d | ||
| 020 | _a0-521-66662-7 | ||
| 041 | _aeng | ||
| 082 | _b3714 | ||
| 100 |
_aRichard Harword _9934 |
||
| 245 | _aChemistry | ||
| 260 | _bCom. | ||
| 300 | _a249 | ||
| 650 |
_aDIPLOMA ENGINEERING _9817 |
||
| 942 | _cBK | ||
| 999 |
_c1274 _d1274 |
||